000 00721nam a22002057a 4500
003 OSt
005 20251121083830.0
008 251121b |||||||| |||| 00| 0 eng d
020 _a97801280549
040 _aDWCL-Main lib
_cOC
082 _aCirc. 005.8 E23r 2017
100 _aEdgar, Thomas
245 _aResearch methods for cyber security/
_cThomas Edgar
260 _a Cambridge, M.A:
_bSyngress is an imprint of Elsevier,
_cc2017.
300 _axxiii, 404 pages :
_b illustrations;
_c24cm.
504 _aIncludes index.
650 _a1. Computer security-- Study and teaching of business enterprises -- computer networks-- security measures
700 _aDavid O. Manz
942 _2ddc
_cBK-CIRC
_kCirc.
_n0
999 _c5934
_d5934